• 首页
  • 本馆介绍
  • 公告通知
  • 最新文献
  • 馆藏检索
  • 电子资源
  • 读者导购
  • 参考咨询
  • 我的图书馆
  • 登录
  • 详细信息显示
  • 放入我的书架
  • 预约/预借图书
  • 作者相关作品
  • 分类相关作品
  • 丛书相关作品
  • 出版社相关作品

书目信息

  • 表格格式
  • 工作单格式
  • 卡片格式
题名:
双主动全桥DC-DC变换器的理论和应用技术
    
 
作者: 赵彪 , 宋强 著
分册:  
出版信息: 北京   科学出版社  2017.6
页数: 217页
开本: 24cm
丛书名:
单 册:
中图分类: TN624
科图分类:
主题词: 变换器--研究
电子资源:
ISBN: 978-7-03-052896-4
000 00919nam0 2200241 450
001 0400004129
005 20171023140606.0
010    @a978-7-03-052896-4@dCNY88.00
100    @a20170905d2017 em y0chiy50 ea
101 0  @achi
102    @aCN@b110000
105    @aa z 000yy
106    @ar
200 1  @a双主动全桥DC-DC变换器的理论和应用技术@9shuang zhu dong quan qiao DC-DC bian huan qi de li lun he ying yong ji shu@f赵彪, 宋强著
210    @a北京@c科学出版社@d2017.6
215    @a217页@c图@d24cm
330    @a本书在概述双主动全桥变换器的发展背景和应用现状的基础上,系统论述了其基础理论及应用技术,包括双主动全桥DC-DC变换器的工作原理、控制方法、解析模型、运行特性、设计实现方法、衍生拓扑以及在柔性交直流输配电系统的应用等。
606 0  @a变换器@x研究
690    @aTN624@v5
701  0 @a赵彪@9zhao biao@4著
701  0 @a宋强@9song qiang@4著
801  0 @aCN@b91MARC@c20171023
905    @b1037060-4@dTN624@f5@e83
    
    双主动全桥DC-DC变换器的理论和应用技术/赵彪, 宋强著.-北京:科学出版社,2017.6
    217页:图;24cm
    
    
    ISBN 978-7-03-052896-4:CNY88.00
    本书在概述双主动全桥变换器的发展背景和应用现状的基础上,系统论述了其基础理论及应用技术,包括双主动全桥DC-DC变换器的工作原理、控制方法、解析模型、运行特性、设计实现方法、衍生拓扑以及在柔性交直流输配电系统的应用等。
●
相关链接 在E读中查询图书 在五车中查询图书 在当当中查询图书 在豆瓣中查询图书


正题名:双主动全桥DC-DC变换器的理论和应用技术     索取号:TN624/83         预约/预借

序号 登录号 条形码 馆藏地/架位号 状态 备注
1 1037060   210370604   第二样本阅览室/ [索取号:TN624/83] 在馆    
2 1037061   210370613   第三借阅区/ [索取号:TN624/83] 在馆    
3 1037062   210370622   第三借阅区/ [索取号:TN624/83] 在馆    
4 1037063   210370631   第三借阅区/ [索取号:TN624/83] 在馆    
5 1037064   210370640   密集书库-物理学院/ [索取号:TN624/83] 在馆    
唐山师范学院图书馆 欢迎您!
大连网信软件有限公司© 版权所有